Größte deutsche Städte nach Buchstabe - K - Statistiken

Allgemein
  • Dieses Quiz wurde 23.412 mal gespielt
    22.917 seit der letzten Aktualisierung
  • Das Durchschnittsergebnis liegt bei 6 aus 16
Antwortstatistiken
Land Einwohner Stadt % Korrekt
NRW 1.087.863 Köln
99%
Schleswig-Holstein 246.794 Kiel
86%
Baden-Württemberg 312.060 Karlsruhe
79%
Hessen 202.137 Kassel
69%
Rheinland-Pfalz 100.030 Kaiserslautern
64%
Rheinland-Pfalz 114.052 Koblenz
59%
NRW 227.417 Krefeld
49%
Baden-Württemberg 84.911 Konstanz
37%
Bayern 69.151 Kempten (Allgäu)
29%
NRW 43.023 Kamen
15%
NRW 52.388 Kleve
15%
NRW 66.702 Kerpen
13%
Bayern 44.398 Kaufbeuren
12%
Baden-Württemberg 40.783 Kirchheim unter Teck
8%
NRW 41.277 Königswinter
8%
NRW 43.493 Kaarst
6%
Keine übereinstimmenden Quizze gefunden
Verteilung der Resultate
Anzahl Personen mit jedem Resultat
Perzentil nach korrekt beantworteten Fragen
Ihre Resultats-Entwicklung
Sie haben dieses Quiz seit der letzten Aktualisierung nicht gespielt